The European Tradition in Qualitative Research : (Record no. 607523)

MARC details
000 -LEADER
fixed length control field 00515nam a2200193 a 4500
001 - CONTROL NUMBER
control field 1767765542611
003 - CONTROL NUMBER IDENTIFIER
control field YourLibrary
005 - DATE AND TIME OF LATEST TRANSACTION
control field 20260107144640.0
008 - FIXED-LENGTH DATA ELEMENTS--GENERAL INFORMATION
fixed length control field 260107s2003##################000#0#eng##
020 ## - INTERNATIONAL STANDARD BOOK NUMBER
International Standard Book Number 9780761974383
082 04 - DEWEY DECIMAL CLASSIFICATION NUMBER
Classification number 300.72097
Item number BOU.3
040 ## - CATALOGING SOURCE
Original cataloging agency YourLibrary
Language of cataloging eng
Transcribing agency YourLibrary
100 1# - MAIN ENTRY--PERSONAL NAME
Personal name Boudon, Raymond,
Relator term author.
245 10 - TITLE STATEMENT
Title The European Tradition in Qualitative Research :
260 ## - PUBLICATION, DISTRIBUTION, ETC.
Date of publication, distribution, etc. 2003.
300 ## - PHYSICAL DESCRIPTION
Extent 424 pages
650 #0 - SUBJECT ADDED ENTRY--TOPICAL TERM
Topical term or geographic name entry element Qualitative research.
942 ## - ADDED ENTRY ELEMENTS (KOHA)
Koha item type English Books
Holdings
Withdrawn status Lost status Damaged status Not for loan Home library Current library Shelving location Date acquired Total Checkouts Full call number Barcode Date last seen Price effective from Koha item type
        Anna Centenary Library Anna Centenary Library 3RD FLOOR, B WING 07.01.2026   300.72097 BOU.3 114104 07.01.2026 07.01.2026 English Books
        Anna Centenary Library Anna Centenary Library 3RD FLOOR, B WING 07.01.2026   300.72094 BOU.4 114105 07.01.2026 07.01.2026 English Books
        Anna Centenary Library Anna Centenary Library 3RD FLOOR, B WING 07.01.2026   300.72094 BOU.2 114103 07.01.2026 07.01.2026 English Books
        Anna Centenary Library Anna Centenary Library 3RD FLOOR, B WING 07.01.2026   300.07209 BOU.1 114102 07.01.2026 07.01.2026 English Books

Find us on the map